| 000 | 00000nam##2200000za#4500 |
| 001 | 9.695278 |
| 003 | CaOODSP |
| 005 | 20210624234513 |
| 007 | cr ||||||||||| |
| 008 | 150407|2005||||xxc|||||o f|0| 0 eng|d |
| 040 | |aCaOODSP|beng |
| 043 | |an-cn--- |
| 086 | 1 |aCC172-27/2005E-PDF |
| 110 | 2 |aCanadian Nuclear Safety Commission. |
| 245 | 10|aResponses to questions raised from peer review of Canada's third national report for the Convention on Nuclear Safety : |h[electronic resource]|bThird review meeting April 2005 |
| 260 | |aOttawa - Ontario : |bCanadian Nuclear Safety Commission |cApril 2005. |
| 300 | |a88p.|borganization chart, tables |
| 500 | |aThe catalogue number (CC172-27/2005E) and ISBN (0-662-39981-1) for the print edition have been incorrectly copied in this electronic publication. |
| 520 | 3 |aThis booklet supplements the third report to the Convention on Nuclear Safety on safety-related programs at Canada’s nuclear power plants. It contains a record of a peer review meeting in a question-and-answer format, with topics on the legislative and regulatory framework; the regulatory body; safety priorities, assessment, and verification; financial and human resource management; staffing, training, and certification; radiation protection and environmental surveillance; emergency preparedness; and operations. |
| 590 | |a11-28-Supp|b2011-11-17 |
| 690 | 07|aNuclear energy|2gcpds |
| 690 | 07|aSafety|2gcpds |
| 775 | 08|tRéponses aux questions découlant de l'examen par les pairs du troisième rapport national du Canada pour la Convention sur la sûreté nucléaire : |w(CaOODSP)9.639424 |
| 776 | 0#|tResponses to questions raised from peer review of Canada's third national report for the Convention on Nuclear Safety : |w(CaOODSP)9.649655 |
| 856 | 40|ahttp://publications.gc.ca|qPDF|s668 KB|uhttps://publications.gc.ca/collections/collection_2011/ccsn-cnsc/CC172-27-2005-eng.pdf |
| 986 | |aCNSC Catalogue number INFO-0750-1 |